000 00613nam a22002057a 4500
005 20140812152004.0
010 _aENG-110351
020 _a9789350623282
_c395.00
035 _aEN-93883
037 _bDBAD/PUB
082 _a658.3125
245 _aPerformance management system :
_cedited by Bhupen Srivastava [and] Mamta Mohapatra
_breadings and cases /
260 _aNew Delhi
_bExcel Books
_c2013
270 _aA-45, Naraina, Phase I
_bNew Delhi
_e110028
300 _axiv,229p.
_c24cm(pbk)
500 _aIncludes index
700 _aSrivastava, Bhupen
700 _aMohapatra, Mamta
942 _2ddc
_cEN
_mPER
999 _c86279
_d86279